[Event "Sport Summer 2016"]
[Site "Paracin"]
[Date "2016.07.08"]
[Round "2.1"]
[White "Yurtseven, Melih"]
[Black "Berkes, Ferenc"]
[Result "0-1"]
[WhiteElo "2318"]
[BlackElo "2640"]
[PlyCount "74"]
[EventDate "2016.??.??"]

1. e4 Nf6 2. e5 Nd5 3. d4 d6 4. Nf3 dxe5 5. Nxe5 c6 6. Bc4 Nd7 7. Nf3 e6 8. O-O
Be7 9. Re1 O-O 10. Bf1 c5 11. c4 N5f6 12. dxc5 Nxc5 13. Qc2 b6 14. b3 Bb7 15.
Nbd2 Qd6 16. Ba3 Rad8 17. Rad1 Rfe8 18. Ne5 Qc7 19. Bb2 h6 20. b4 Ncd7 21. a3
a5 22. Qb3 axb4 23. axb4 Bd6 24. Ndf3 Nxe5 25. Nxe5 Ne4 26. Nf3 Qe7 27. Bd3 Nf6
28. Nd4 Ng4 29. h3 Bh2+ 30. Kf1 Nxf2 31. Kxf2 Qh4+ 32. Ke2 Bxg2 33. Rg1 Qxh3
34. Bc2 e5 35. Nf5 Qg4+ 36. Kf2 Bxg1+ 37. Rxg1 Rd2+ 0-1

[Event "Sport Summer 2016"]
[Site "Paracin"]
[Date "2016.07.08"]
[Round "2.2"]
[White "Georgiev, Kiril"]
[Black "Ivic, Velimir"]
[Result "1-0"]
[WhiteElo "2613"]
[BlackElo "2315"]
[PlyCount "75"]
[EventDate "2016.??.??"]

1. d4 Nf6 2. Bg5 Ne4 3. Bf4 c5 4. f3 Nf6 5. dxc5 Qa5+ 6. Nc3 Qxc5 7. Qd2 Nc6 8.
e4 d6 9. Nb5 Qb6 10. Be3 Qd8 11. Ne2 a6 12. Nbc3 e6 13. g4 Be7 14. O-O-O Nd7
15. Nd4 O-O 16. h4 Nde5 17. Qf2 b5 18. Nxc6 Nxc6 19. g5 Bb7 20. Kb1 Ne5 21. Rg1
Rc8 22. Bb6 Qd7 23. Bd4 Nc4 24. Bf6 Kh8 25. Bxe7 Qxe7 26. Bd3 Qc7 27. Bxc4 bxc4
28. h5 f5 29. Qd4 fxe4 30. fxe4 Rcd8 31. h6 e5 32. Qa7 Rd7 33. a3 g6 34. Rgf1
Rdf7 35. Rf6 Rxf6 36. gxf6 Qd7 37. Rf1 Bc6 38. Qxa6 1-0

[Event "Sport Summer 2016"]
[Site "Paracin"]
[Date "2016.07.08"]
[Round "2.3"]
[White "Kadric, Denis"]
[Black "Cvetkovic, Srdjan"]
[Result "1-0"]
[WhiteElo "2562"]
[BlackElo "2306"]
[PlyCount "57"]
[EventDate "2016.??.??"]

1. e4 c5 2. Nf3 e6 3. d4 cxd4 4. Nxd4 Nc6 5. Nc3 a6 6. Be3 Nf6 7. f4 Bb4 8. Bd3
d6 9. Nxc6 bxc6 10. O-O e5 11. h3 O-O 12. Na4 exf4 13. Rxf4 Be6 14. Nb6 Rb8 15.
e5 dxe5 16. Rxb4 a5 17. Rh4 Rxb6 18. Bxh7+ Nxh7 19. Qxd8 Rxd8 20. Bxb6 Rd2 21.
Rc1 Rd5 22. Ra4 Nf6 23. Rxa5 Rd2 24. Rxe5 Bd5 25. Bf2 Ne4 26. Be1 Re2 27. c4
Bxc4 28. Rxc4 Rxe1+ 29. Kh2 1-0

[Event "Sport Summer 2016"]
[Site "Paracin"]
[Date "2016.07.08"]
[Round "2.4"]
[White "Radovic, Janko"]
[Black "Damljanovic, Branko"]
[Result "0-1"]
[WhiteElo "2299"]
[BlackElo "2557"]
[PlyCount "92"]
[EventDate "2016.??.??"]

1. e4 c5 2. Nf3 d6 3. c3 Nf6 4. Bd3 Nc6 5. O-O Bg4 6. h3 Bxf3 7. Qxf3 g6 8. Bb5
Qb6 9. Bxc6+ Qxc6 10. d3 Bg7 11. Bg5 Nd7 12. Nd2 h6 13. Bh4 e6 14. a4 O-O 15.
Nc4 Nb6 16. Nxb6 axb6 17. Qd1 d5 18. Qb3 dxe4 19. dxe4 Qxe4 20. Bg3 Qc6 21. Qb5
Qxb5 22. axb5 e5 23. Rxa8 Rxa8 24. Rd1 f5 25. f3 g5 26. Rd6 Ra1+ 27. Kh2 Rf1
28. Rxb6 f4 29. Rxb7 fxg3+ 30. Kxg3 Rb1 31. Rc7 Rxb2 32. Rxc5 Bf8 33. Rd5 Kf7
34. c4 Ke6 35. Rd8 Bd6 36. Kg4 Rxg2+ 37. Kh5 Rg3 38. b6 Rxh3+ 39. Kg6 Rxf3 40.
c5 Bxc5 41. b7 Ba7 42. Ra8 Rf6+ 43. Kh5 Kf5 44. Rxa7 Rb6 45. Ra8 Rxb7 46. Kxh6
g4 0-1

[Event "Sport Summer 2016"]
[Site "Paracin"]
[Date "2016.07.08"]
[Round "2.5"]
[White "Savic, Miodrag R"]
[Black "Krstulovic, Alex"]
[Result "1-0"]
[WhiteElo "2507"]
[BlackElo "2280"]
[PlyCount "99"]
[EventDate "2016.??.??"]

1. e4 c5 2. c3 d5 3. exd5 Qxd5 4. Nf3 Nf6 5. Na3 e6 6. Be2 Nc6 7. O-O Qd8 8.
Nc2 b6 9. d4 Bb7 10. Bf4 Bd6 11. Bxd6 Qxd6 12. dxc5 Qxc5 13. Ne3 O-O 14. Qa4 e5
15. Qb5 Qxb5 16. Bxb5 e4 17. Bxc6 Bxc6 18. Nd4 Bb7 19. Rfd1 g6 20. Nb5 Bc6 21.
a4 a6 22. Nd4 Bd7 23. Ndc2 Be6 24. Rd6 Rfb8 25. Rd4 Kf8 26. h3 h5 27. Nf1 h4
28. Nd2 Rd8 29. a5 b5 30. Rd1 Bf5 31. Nb3 Rxd4 32. Rxd4 Nd7 33. Nb4 Be6 34. Nd2
f5 35. Kf1 Nc5 36. Ke2 g5 37. f3 exf3+ 38. Nxf3 Ne4 39. Ke3 Re8 40. Nxa6 Bc4
41. Rxc4 Nd6+ 42. Kd4 bxc4 43. Nc7 Re7 44. Nxg5 Kg8 45. Nge6 Ne8 46. Nxe8 Rxe6
47. Nc7 Rc6 48. Nd5 Kf7 49. Ne3 f4 50. Nxc4 1-0

[Event "Sport Summer 2016"]
[Site "Paracin"]
[Date "2016.07.08"]
[Round "2.6"]
[White "Fang, Yuxiang"]
[Black "Kaufeld, Juergen"]
[Result "1/2-1/2"]
[WhiteElo "2494"]
[BlackElo "2271"]
[PlyCount "40"]
[EventDate "2016.??.??"]

1. d4 Nf6 2. c4 g6 3. Nc3 d5 4. Nf3 Bg7 5. Bf4 O-O 6. Rc1 dxc4 7. e4 Bg4 8.
Bxc4 Nh5 9. Be3 Bxf3 10. gxf3 e6 11. Ne2 Qf6 12. Ng3 Nf4 13. h4 Ng2+ 14. Kf1
Nxe3+ 15. fxe3 c5 16. e5 Qe7 17. f4 cxd4 18. Qxd4 Nc6 19. Qe4 Rac8 20. Kg2 Rfd8
1/2-1/2

[Event "Sport Summer 2016"]
[Site "Paracin"]
[Date "2016.07.08"]
[Round "2.7"]
[White "Gajic, Mladen"]
[Black "Zajic, Milan"]
[Result "0-1"]
[WhiteElo "2295"]
[BlackElo "2481"]
[PlyCount "72"]
[EventDate "2016.??.??"]

1. e4 g6 2. d4 c6 3. Nc3 Bg7 4. Nf3 d5 5. h3 Nh6 6. Bd3 O-O 7. O-O f6 8. Re1
Nf7 9. Bf1 e6 10. a4 a5 11. exd5 exd5 12. Bf4 Na6 13. Bh2 Bf5 14. Nh4 Bd7 15.
Ne2 Ng5 16. Ra3 Re8 17. Nf3 Bf8 18. Rb3 Ne4 19. Ng3 Nd6 20. Rxe8 Bxe8 21. Ne2
b5 22. axb5 cxb5 23. Nf4 Nc7 24. Ra3 b4 25. Ra2 a4 26. Nd3 Ne4 27. Nc5 Nxc5 28.
dxc5 Ne6 29. Bd6 Bxd6 30. cxd6 Qxd6 31. c4 d4 32. b3 a3 33. Rd2 Qc5 34. Nxd4
Nxd4 35. Rxd4 a2 36. Rd5 a1=Q 0-1

[Event "Sport Summer 2016"]
[Site "Paracin"]
[Date "2016.07.08"]
[Round "2.8"]
[White "Kasparov, Sergey"]
[Black "Burcu, Cagatay"]
[Result "1/2-1/2"]
[WhiteElo "2470"]
[BlackElo "2260"]
[PlyCount "118"]
[EventDate "2016.??.??"]

1. e4 e6 2. d4 d5 3. Nd2 dxe4 4. Nxe4 Nd7 5. Nf3 Ngf6 6. Nxf6+ Nxf6 7. c3 c5 8.
Ne5 a6 9. Be3 Qc7 10. Qa4+ Nd7 11. O-O-O cxd4 12. Nxd7 Bxd7 13. Qxd4 Bc6 14. f3
Rd8 15. Qxd8+ Qxd8 16. Rxd8+ Kxd8 17. Bb6+ Kc8 18. Be2 Bd6 19. b4 h5 20. Kb2 h4
21. Kb3 Rh5 22. Rd1 Bc7 23. Bxc7 Kxc7 24. f4 Rf5 25. g3 hxg3 26. hxg3 g5 27.
Bg4 Rf6 28. fxg5 Rg6 29. Rf1 Rxg5 30. Rxf7+ Kd6 31. Bf3 Rxg3 32. Bxc6 Kxc6 33.
Re7 Re3 34. a4 e5 35. a5 Re2 36. Rh7 Rg2 37. Re7 Re2 38. Kc4 Re3 39. Rg7 Rh3
40. Kb3 Rh2 41. c4 Rh3+ 42. Ka4 Rh4 43. Rg6+ Kc7 44. Kb3 Rh3+ 45. Kc2 Rh4 46.
Kd3 Rd4+ 47. Kc3 Rh4 48. Re6 Rh3+ 49. Kd2 Rb3 50. Rb6 e4 51. Kc2 Rd3 52. c5 Ra3
53. Kd2 Rd3+ 54. Ke2 Rb3 55. Kf2 Rf3+ 56. Ke1 Rb3 57. Ke2 Kc8 58. Kd2 e3+ 59.
Ke2 Kc7 1/2-1/2

[Event "Sport Summer 2016"]
[Site "Paracin"]
[Date "2016.07.08"]
[Round "2.9"]
[White "Tomic, Aleksandar"]
[Black "Abramovic, Bosko"]
[Result "0-1"]
[WhiteElo "2272"]
[BlackElo "2422"]
[PlyCount "126"]
[EventDate "2016.??.??"]

1. d4 Nf6 2. Bg5 e6 3. e4 h6 4. Bxf6 Qxf6 5. c3 d6 6. Bd3 g6 7. Ne2 Bg7 8. O-O
Qe7 9. Nd2 Nd7 10. f4 e5 11. Kh1 O-O 12. Nc4 c6 13. Ne3 Nf6 14. Qc2 Bd7 15.
Rae1 Rae8 16. dxe5 dxe5 17. f5 b5 18. c4 a6 19. a4 Qc5 20. Nc3 b4 21. Na2 Rb8
22. Nc1 b3 23. Nxb3 Qb4 24. Nd2 Qxb2 25. fxg6 fxg6 26. c5 Qxc2 27. Bxc2 Be6 28.
Ndc4 Nd7 29. Na5 Rfc8 30. Rb1 Rxb1 31. Rxb1 Bf8 32. Rb7 Bxc5 33. Nec4 Bd4 34.
Nd6 Rf8 35. h3 Nc5 36. Rb1 Rf2 37. Bd1 Ba2 38. Rb8+ Kh7 39. Bf3 h5 40. h4 Rf1+
41. Kh2 Bg1+ 42. Kg3 Be3 43. Kh2 Bf4+ 44. g3 Rxf3 45. gxf4 Rxf4 46. Nxc6 Nxe4
47. Ne8 Rxh4+ 48. Kg1 Rg4+ 49. Kh2 Rf4 50. Nxe5 Nf6 51. Rb7+ Kh6 52. Rb6 Nxe8
53. Rxg6+ Kh7 54. Rxa6 Rf5 55. Nd7 Kg7 56. a5 Nf6 57. Nb6 Kg6 58. Ra8 Kg5 59.
a6 Ng4+ 60. Kg1 Kh4 61. a7 Ra5 62. Kf1 Bf7 63. Kg1 Kg3 0-1

[Event "Sport Summer 2016"]
[Site "Paracin"]
[Date "2016.07.08"]
[Round "2.10"]
[White "Djordjevic, Vuk"]
[Black "Popovic, Aleksandar M"]
[Result "1/2-1/2"]
[WhiteElo "2415"]
[BlackElo "2256"]
[PlyCount "54"]
[EventDate "2016.??.??"]

1. d4 Nf6 2. Bg5 c5 3. Bxf6 exf6 4. d5 g6 5. c4 Bg7 6. Nc3 O-O 7. e3 f5 8. Qd2
d6 9. Bd3 Nd7 10. Nf3 Nf6 11. O-O Re8 12. Qc2 Qe7 13. Nd2 a6 14. Rab1 Bd7 15.
b4 cxb4 16. Rxb4 b5 17. cxb5 axb5 18. Qb3 Rac8 19. Nxb5 Rc5 20. Bc4 Ng4 21. Nf3
Ne5 22. Nxe5 Bxe5 23. Be2 f4 24. exf4 Bxf4 25. Bd3 Qf6 26. Qb2 Be5 27. Qd2 Rb8
1/2-1/2

[Event "Sport Summer 2016"]
[Site "Paracin"]
[Date "2016.07.08"]
[Round "2.11"]
[White "Ratkovic, Miloje"]
[Black "Ozturk, Kubra"]
[Result "1/2-1/2"]
[WhiteElo "2404"]
[BlackElo "2249"]
[PlyCount "66"]
[EventDate "2016.??.??"]

1. d4 Nf6 2. c4 e6 3. Nf3 b6 4. e3 Bb7 5. Bd3 d5 6. cxd5 exd5 7. b3 Bb4+ 8.
Nbd2 O-O 9. O-O Nbd7 10. Bb2 Re8 11. Rc1 Bd6 12. Bb5 a6 13. Bc6 Bxc6 14. Rxc6
Ne4 15. Qc1 Re6 16. Nxe4 dxe4 17. Ne5 Qe7 18. Rd1 Re8 19. g3 Bxe5 20. dxe5 Nc5
21. Rxe6 Qxe6 22. Bd4 Nd3 23. Qxc7 Rc8 24. Qxb6 Qf5 25. Rf1 h5 26. e6 fxe6 27.
Bxg7 Rc1 28. Rxc1 Qxf2+ 29. Kh1 Qf3+ 30. Kg1 Qf2+ 31. Kh1 Qf3+ 32. Kg1 Qf2+ 33.
Kh1 Qf3+ 1/2-1/2

[Event "Sport Summer 2016"]
[Site "Paracin"]
[Date "2016.07.08"]
[Round "2.12"]
[White "Topalov, Aleksandar"]
[Black "Ratkovic, Milovan"]
[Result "1/2-1/2"]
[WhiteElo "2250"]
[BlackElo "2382"]
[PlyCount "218"]
[EventDate "2016.??.??"]

1. b3 d5 2. Bb2 Nf6 3. Nf3 Bg4 4. g3 Nc6 5. Bg2 Qd7 6. h3 Bxf3 7. exf3 O-O-O 8.
h4 Kb8 9. d4 e6 10. Nd2 Be7 11. a3 h6 12. Qe2 g5 13. O-O-O Bd6 14. c4 dxc4 15.
Nxc4 Nd5 16. Kb1 Be7 17. hxg5 hxg5 18. Qc2 Bf6 19. Ne5 Nxe5 20. dxe5 Rxh1 21.
Rxh1 Be7 22. Rh7 Qe8 23. Bf1 Nb6 24. Be2 a6 25. f4 gxf4 26. Bh5 fxg3 27. fxg3
Rd5 28. Bxf7 Qd7 29. Rh6 Rd1+ 30. Ka2 Rd2 31. Bxe6 Rxc2 32. Bxd7 Nxd7 33. Kb1
Rd2 34. Rh7 Bxa3 35. Bxa3 Nxe5 36. Rg7 Rg2 37. Bc1 Nd3 38. Be3 b6 39. Bd4 c5
40. Bc3 b5 41. g4 b4 42. Bf6 c4 43. Rd7 Rg1+ 44. Kc2 cxb3+ 45. Kxd3 Rd1+ 46.
Kc4 Rxd7 47. Kxb4 Rd3 48. g5 Rg3 49. Ka3 Kb7 50. Kb2 Kc6 51. Bc3 Rxg5 52. Kxb3
Kb5 53. Bf6 Rg3+ 54. Ka2 a5 55. Kb2 a4 56. Be7 Kc4 57. Ka2 Re3 58. Bf8 Rb3 59.
Be7 Re3 60. Bf8 Re8 61. Bd6 Re2+ 62. Ka3 Re3+ 63. Ka2 Kb5 64. Bf8 a3 65. Bxa3
Kc4 66. Bf8 Re2+ 67. Kb1 Rf2 68. Bg7 Rg2 69. Bf6 Rg6 70. Be5 Rg2 71. Bf6 Kd3
72. Be5 Rg5 73. Bf6 Rb5+ 74. Kc1 Rc5+ 75. Kb2 Rc2+ 76. Kb1 Rc6 77. Bg7 Kd2 78.
Kb2 Rb6+ 79. Ka3 Rb7 80. Bf6 Kd3 81. Ka4 Rf7 82. Bh8 Kc4 83. Ka3 Rf3+ 84. Ka2
Kb4 85. Kb1 Rf8 86. Bg7 Rg8 87. Bf6 Rg6 88. Be5 Rc6 89. Kb2 Re6 90. Bg7 Rg6 91.
Be5 Rg2+ 92. Kc1 Kc4 93. Bf6 Rg6 94. Be5 Kd3 95. Bf4 Rc6+ 96. Kb2 Rb6+ 97. Kc1
Rb5 98. Bh6 Rc5+ 99. Kb2 Rc7 100. Bg5 Rc6 101. Bf4 Rc2+ 102. Kb3 Rc5 103. Kb2
Rb5+ 104. Kc1 Kc3 105. Bd2+ Kd3 106. Bh6 Rc5+ 107. Kb2 Rc2+ 108. Kb3 Rc6 109.
Bg7 Rb6+ 1/2-1/2

[Event "Sport Summer 2016"]
[Site "Paracin"]
[Date "2016.07.08"]
[Round "2.13"]
[White "Becker, Marcel"]
[Black "Raykov, Stefan"]
[Result "1-0"]
[WhiteElo "2380"]
[BlackElo "2155"]
[PlyCount "90"]
[EventDate "2016.??.??"]

1. d4 d5 2. c4 dxc4 3. Nf3 Nf6 4. e3 e6 5. Bxc4 c5 6. Qe2 a6 7. dxc5 Bxc5 8.
O-O Nc6 9. e4 Ng4 10. e5 Nd4 11. Nxd4 Qxd4 12. Nd2 Nxe5 13. Nb3 Qxc4 14. Qxe5
Bf8 15. Be3 f6 16. Qg3 e5 17. f4 e4 18. f5 Qf7 19. Rac1 Be7 20. Rc7 O-O 21. Nd2
Rd8 22. Nc4 Bd6 23. Qxd6 Rxd6 24. Rxf7 Rc6 25. Re7 Rxc4 26. Re8+ Kf7 27. Rh8 b5
28. Rd1 g6 29. g4 gxf5 30. gxf5 Rc2 31. Rdd8 Ke7 32. Bb6 Bxf5 33. Rxa8 Rc1+ 34.
Kf2 Rc2+ 35. Kg3 Rxb2 36. Rxa6 Bg6 37. Bd4 Rc2 38. Rb8 Rc7 39. Bxf6+ Kf7 40.
Bd4 Rd7 41. Ra7 Rxa7 42. Bxa7 e3 43. Rxb5 e2 44. Kf2 e1=Q+ 45. Kxe1 Ke8 1-0

[Event "Sport Summer 2016"]
[Site "Paracin"]
[Date "2016.07.08"]
[Round "2.14"]
[White "Banovic, Ivan"]
[Black "Atakisi, Umut"]
[Result "0-1"]
[WhiteElo "2194"]
[BlackElo "2378"]
[PlyCount "94"]
[EventDate "2016.??.??"]

1. d4 d5 2. Nf3 Nf6 3. c4 c6 4. e3 Bf5 5. Nc3 e6 6. Qb3 Qb6 7. c5 Qc7 8. Nh4
Bg6 9. Nxg6 hxg6 10. g3 Nbd7 11. Bg2 Be7 12. Bd2 e5 13. Qd1 Nf8 14. f4 exd4 15.
exd4 Ne6 16. Be3 b6 17. cxb6 Qxb6 18. O-O Qxb2 19. Qd3 Ng4 20. Rab1 Qa3 21. Bc1
Qa5 22. h3 Nxd4 23. hxg4 Qxc3 24. Qxc3 Ne2+ 25. Kf2 Nxc3 26. Rb7 Bc5+ 27. Be3
Bxe3+ 28. Kxe3 O-O 29. Kd3 Na4 30. Rc7 Nc5+ 31. Kc3 Rfc8 32. Rxc8+ Rxc8 33. Kd4
Ne6+ 34. Ke5 Rb8 35. Rf2 Rb6 36. Rc2 Ra6 37. f5 gxf5 38. gxf5 Ng5 39. f6 gxf6+
40. Kxf6 Ne4+ 41. Bxe4 dxe4 42. Ke5 e3 43. Kd6 Kg7 44. Re2 Ra3 45. Kxc6 Kf6 46.
Kc5 Ke5 47. Kb4 Rd3 0-1

[Event "Sport Summer 2016"]
[Site "Paracin"]
[Date "2016.07.08"]
[Round "2.15"]
[White "Djokic, Slavoljub"]
[Black "Radovanovic, Mihajlo"]
[Result "0-1"]
[WhiteElo "2167"]
[BlackElo "2362"]
[PlyCount "86"]
[EventDate "2016.??.??"]

1. c4 c5 2. Nc3 Nf6 3. Nf3 Nc6 4. g3 d5 5. cxd5 Nxd5 6. Bg2 Nc7 7. d3 e5 8. O-O
Be7 9. Be3 O-O 10. Rc1 Bd7 11. a3 b6 12. Nd2 Rc8 13. Nc4 f6 14. f4 exf4 15.
gxf4 f5 16. Ne5 Nxe5 17. fxe5 Kh8 18. Qd2 Qe8 19. Bf4 Bc6 20. e4 Ne6 21. exf5
Rxf5 22. Bh3 Nxf4 23. Rxf4 Qg6+ 24. Rg4 Rg5 25. Qf4 Bd7 26. Rxg5 Bxg5 27. Qg3
Be3+ 28. Kh1 Qxg3 29. hxg3 Bxh3 30. Re1 Bd2 31. Re2 Bxc3 32. bxc3 Be6 33. Kg2
Kg8 34. Kf3 Rd8 35. Ke3 Kf7 36. Rb2 Bf5 37. d4 cxd4+ 38. cxd4 Ke6 39. Rb4 Rd5
40. Rc4 Kd7 41. Rc1 Rb5 42. Kf4 Be6 43. Ke4 Bd5+ 0-1

[Event "Sport Summer 2016"]
[Site "Paracin"]
[Date "2016.07.08"]
[Round "2.16"]
[White "Pregarac, Valter"]
[Black "Sredojevic, Ivan"]
[Result "0-1"]
[WhiteElo "2135"]
[BlackElo "2342"]
[PlyCount "66"]
[EventDate "2016.??.??"]

1. d4 Nf6 2. c4 d6 3. Nf3 Nbd7 4. Nc3 e5 5. e4 Be7 6. Be2 O-O 7. O-O c6 8. Qc2
exd4 9. Nxd4 Re8 10. Kh1 Ne5 11. Bf4 Ng6 12. Bg3 Bf8 13. Rfe1 h5 14. h3 h4 15.
Bh2 Bd7 16. Rad1 Qc8 17. Nf3 b5 18. cxb5 cxb5 19. Ng5 Qc5 20. f4 b4 21. Qb3 Nh8
22. Bc4 bxc3 23. Bxf7+ Nxf7 24. Qxf7+ Kh8 25. e5 Re7 26. Qg6 Be8 27. Qd3 dxe5
28. fxe5 Rd7 29. Qf3 Rxd1 30. Rxd1 c2 31. Rc1 Qd5 32. Qe2 Bg6 33. Qe1 Nh5 0-1

[Event "Sport Summer 2016"]
[Site "Paracin"]
[Date "2016.07.08"]
[Round "2.17"]
[White "Tuna, Alp"]
[Black "Pantelic, Sasa"]
[Result "1-0"]
[WhiteElo "2105"]
[BlackElo "2340"]
[PlyCount "49"]
[EventDate "2016.??.??"]

1. e4 d6 2. d4 Nd7 3. Nc3 c6 4. a4 Ngf6 5. Nf3 e5 6. Bc4 Be7 7. O-O O-O 8. Re1
Qc7 9. h3 exd4 10. Nxd4 Ne5 11. Bb3 a6 12. f4 Ng6 13. a5 Re8 14. Qd3 Bf8 15.
Bd2 Nd7 16. Bxf7+ Kxf7 17. Qc4+ Kf6 18. Nd5+ cxd5 19. Qxc7 dxe4 20. Bc3 Nxf4
21. Ne2+ Kg5 22. Bd2 e3 23. Nxf4 Kxf4 24. Bxe3+ Kf5 25. Bd4 1-0

[Event "Sport Summer 2016"]
[Site "Paracin"]
[Date "2016.07.08"]
[Round "2.18"]
[White "Dogan, Mire Deniz"]
[Black "Ardeleanu, Alin"]
[Result "0-1"]
[WhiteElo "2042"]
[BlackElo "2338"]
[PlyCount "48"]
[EventDate "2016.??.??"]

1. d4 Nf6 2. c4 g6 3. Nc3 Bg7 4. e4 d6 5. f3 O-O 6. Be3 Nbd7 7. Qd2 a6 8. Nge2
c5 9. g4 cxd4 10. Nxd4 Ne5 11. Be2 Nc6 12. Nxc6 bxc6 13. h4 h5 14. O-O-O Qa5
15. Rdg1 hxg4 16. fxg4 Rb8 17. e5 Qxe5 18. Bd4 Qa5 19. Bxf6 Bxf6 20. Rh3 Be6
21. g5 Bg7 22. Rf3 d5 23. h5 d4 24. Qc2 dxc3 0-1

[Event "Sport Summer 2016"]
[Site "Paracin"]
[Date "2016.07.08"]
[Round "2.19"]
[White "Konstantinov, Aleksandar"]
[Black "Mladenovic, Stefan"]
[Result "1-0"]
[WhiteElo "2018"]
[BlackElo "2327"]
[PlyCount "121"]
[EventDate "2016.??.??"]

1. d4 Nf6 2. c4 e6 3. Nc3 Bb4 4. Qc2 Nc6 5. Nf3 d6 6. Bd2 O-O 7. a3 Bxc3 8.
Bxc3 a5 9. b3 Re8 10. e3 e5 11. d5 Ne7 12. Nd2 Bf5 13. Bd3 Qd7 14. O-O Bxd3 15.
Qxd3 Ng6 16. f3 Nh5 17. b4 axb4 18. axb4 b6 19. Qc2 f5 20. Rxa8 Rxa8 21. Ra1
Rf8 22. Ra7 f4 23. e4 Nh4 24. Nf1 g5 25. Be1 Ng6 26. h3 Nf6 27. Qa4 Qe7 28. Qc6
Ne8 29. Bf2 Qf6 30. Ra8 Kf7 31. Qb5 h5 32. c5 bxc5 33. bxc5 Ne7 34. Qd7 Rg8 35.
Nh2 Qg6 36. Ra6 Qg7 37. cxd6 cxd6 38. Bb6 Kf8 39. Ra8 Qg6 40. Bc7 Rg7 41. Bxd6
Qf7 42. Bxe5 Rg6 43. Bd6 Kg7 44. Rxe8 Rxd6 45. Qxe7 Rb6 46. Qxf7+ Kxf7 47. Rc8
Rb1+ 48. Nf1 Kf6 49. Re8 Kf7 50. Re6 Rc1 51. e5 Rc5 52. Rf6+ Kg7 53. Rd6 Rc1
54. Rd7+ Kg6 55. Rd6+ Kg7 56. e6 Kf8 57. Rd7 Ke8 58. Rg7 Rd1 59. Rxg5 h4 60.
Kf2 Rd4 61. Ke2 1-0

[Event "Sport Summer 2016"]
[Site "Paracin"]
[Date "2016.07.08"]
[Round "2.20"]
[White "Carnic, Srdjan"]
[Black "Agdelen, Huseyin Can"]
[Result "1-0"]
[WhiteElo "2318"]
[BlackElo "2061"]
[PlyCount "77"]
[EventDate "2016.??.??"]

1. e4 c5 2. Nf3 d6 3. Bb5+ Nd7 4. O-O a6 5. Bxd7+ Bxd7 6. Re1 e5 7. c3 Be7 8.
d4 Qc7 9. Nbd2 Nf6 10. dxe5 dxe5 11. Nc4 Ng4 12. a4 Be6 13. Qe2 O-O 14. h3 Bxc4
15. Qxc4 Nf6 16. Bg5 Rad8 17. Rad1 Rd6 18. Rxd6 Qxd6 19. Qb3 Qc7 20. Nd2 Rd8
21. Nc4 Ne8 22. Bxe7 Qxe7 23. Rd1 Rxd1+ 24. Qxd1 Nc7 25. Qg4 g6 26. Qc8+ Ne8
27. Ne3 Kg7 28. Nd5 Qf8 29. Qxb7 Qd6 30. b4 cxb4 31. cxb4 Nf6 32. Nxf6 Kxf6 33.
b5 axb5 34. Qxb5 Qd1+ 35. Kh2 Qd2 36. Qb6+ Kg7 37. a5 h5 38. h4 g5 39. Qe3 1-0

[Event "International Championship of Central Se"]
[Site "Paracin, hotel "]
[Date "2016.07.08"]
[Round "2.21"]
[White "Cabarkapa, Novak"]
[Black "Cannesar, Rad"]
[Result "1-0"]
[WhiteElo "2424"]
[BlackElo "1892"]
[PlyCount "59"]
[EventDate "2016.07.07"]

1. e4 c5 2. Nc3 g6 3. h4 h5 4. Nf3 Bg7 5. d4 cxd4 6. Nxd4 Nc6 7. Be3 Nf6 8. f3
O-O 9. Bc4 Qb6 10. Bb3 Nxe4 11. Nd5 Qa5+ 12. c3 Ng3 13. Rh3 Bxd4 14. Rxg3 Be5
15. Rg5 Qd8 16. f4 Bg7 17. f5 e6 18. f6 Bxf6 19. Nxf6+ Qxf6 20. Qxh5 Qh8 21.
Qg4 Ne5 22. Qd4 f6 23. Rg3 Kf7 24. O-O-O d5 25. Rf1 f5 26. h5 gxh5 27. Rxf5+
exf5 28. Qxd5+ Ke8 29. Bg5 Bd7 30. Re3 1-0

[Event "International Championship of Central Se"]
[Site "Paracin, hotel "]
[Date "2016.07.08"]
[Round "2.24"]
[White "Ivic, Matija"]
[Black "Lajthajm, Borko"]
[Result "0-1"]
[WhiteElo "2160"]
[BlackElo "2433"]
[Annotator "Natasa"]
[PlyCount "110"]
[EventDate "2016.07.07"]

1. d4 Nf6 2. g3 e6 3. c4 Bb4+ 4. Bd2 a5 5. Bg2 O-O 6. Nf3 d5 7. Bxb4 axb4 8.
Nbd2 b6 9. Qc2 Bb7 10. Ne5 Nbd7 11. cxd5 Nxe5 12. dxe5 Nxd5 13. O-O c5 14. Nc4
Qc7 15. Rfd1 Bc6 16. e4 Ne7 17. f4 Nc8 18. f5 b3 19. axb3 Rxa1 20. Rxa1 exf5
21. Rd1 fxe4 22. Bxe4 h6 23. Bxc6 Qxc6 24. Qf5 b5 25. Nd6 Ne7 26. Qf4 Qd7 27.
Rd3 Qe6 28. Qe4 Ng6 29. Qd5 Nxe5 30. Qxe6 fxe6 31. Re3 Nf3+ 32. Kg2 Nd4 33. b4
cxb4 34. Re4 Nf5 35. Nxb5 Rb8 36. Nd4 Nxd4 37. Rxd4 Kf7 38. b3 e5 39. Rc4 Ke6
40. Kf3 Kd5 41. Ke3 g5 42. Kd3 Rb6 43. Ke3 h5 44. h3 Rc6 45. Rxb4 Rc3+ 46. Kf2
Rd3 47. Rb8 Ke6 48. b4 Kf5 49. b5 g4 50. hxg4+ hxg4 51. b6 Ke4 52. b7 Rb3 53.
Rg8 Rb2+ 54. Kg1 Rxb7 55. Rxg4+ Kf3 0-1

[Event "International Championship of Central Se"]
[Site "Paracin, hotel "]
[Date "2016.07.08"]
[Round "2.25"]
[White "Radovanovic, Nikola"]
[Black "Tisma, Ivan"]
[Result "1-0"]
[WhiteElo "2392"]
[BlackElo "2212"]
[PlyCount "113"]
[EventDate "2016.07.07"]

1. d4 Nf6 2. c4 e6 3. Nf3 Bb4+ 4. Nbd2 d5 5. Qa4+ Nc6 6. a3 Bxd2+ 7. Bxd2 Ne4
8. e3 O-O 9. Bd3 Nxd2 10. Nxd2 a6 11. Qc2 h6 12. O-O Bd7 13. Rac1 Ne7 14. Nf3
Rc8 15. b4 dxc4 16. Bxc4 Bb5 17. e4 c6 18. Rfd1 Bxc4 19. Qxc4 Ng6 20. g3 Qf6
21. Kg2 Rcd8 22. h4 Rfe8 23. h5 Nf8 24. a4 Qe7 25. b5 cxb5 26. axb5 Nd7 27.
bxa6 bxa6 28. Qxa6 Nf6 29. Ne5 Ra8 30. Qe2 Qb7 31. Rc6 Qb3 32. g4 Ra2 33. Qf3
Qb2 34. Nc4 Qb7 35. Ne5 Rf8 36. Rdc1 Qb2 37. R1c2 Qa3 38. Qxa3 Rxa3 39. f3 Nh7
40. Rc8 Ra8 41. Rxf8+ Rxf8 42. Rc7 Ng5 43. d5 exd5 44. exd5 Rd8 45. Nc6 Ra8 46.
d6 Ra2+ 47. Kg3 Rd2 48. d7 Ne6 49. Rc8+ Kh7 50. d8=Q Nxd8 51. Rxd8 Rc2 52. Ne5
Rc7 53. Rd7 Rc5 54. Nxf7 Rc8 55. Nd6 Rc3 56. Nf5 Kh8 57. Nxg7 1-0

[Event "International Championship of Central Se"]
[Site "Paracin, hotel "]
[Date "2016.07.08"]
[Round "2.26"]
[White "Stefanov, Emil"]
[Black "Marjanovic, Dejan"]
[Result "1/2-1/2"]
[WhiteElo "2215"]
[BlackElo "2392"]
[PlyCount "57"]
[EventDate "2016.07.07"]

1. d4 e6 2. c4 Bb4+ 3. Bd2 a5 4. Nf3 Nf6 5. g3 d5 6. Qc2 c5 7. Bxb4 axb4 8.
dxc5 d4 9. Bg2 Nc6 10. O-O e5 11. Nbd2 O-O 12. Ng5 h6 13. Nge4 Ne8 14. Qb3 Kh8
15. a3 f5 16. Nd6 Nxd6 17. cxd6 Qxd6 18. c5 Qf6 19. axb4 Be6 20. Bd5 Bxd5 21.
Qxd5 Nxb4 22. Qd6 Qxd6 23. cxd6 Rad8 24. Ra5 Rxd6 25. Nc4 Re6 26. Rxe5 Rfe8 27.
f4 Nc6 28. Rxe6 Rxe6 29. Kg2 1/2-1/2

[Event "International Championship of Central Se"]
[Site "Paracin, hotel "]
[Date "2016.07.08"]
[Round "2.27"]
[White "Brankovic, Dejan"]
[Black "Kuzmanovic, Slobodan"]
[Result "1-0"]
[WhiteElo "2353"]
[BlackElo "2161"]
[PlyCount "73"]
[EventDate "2016.07.07"]

1. e4 e5 2. Nf3 Nc6 3. Bb5 a6 4. Ba4 d6 5. O-O Bd7 6. c3 Nf6 7. Re1 Be7 8. d4
O-O 9. h3 Re8 10. d5 Nb8 11. c4 Bxa4 12. Qxa4 Nbd7 13. Nc3 Nc5 14. Qc2 a5 15.
Be3 Nfd7 16. b3 Na6 17. Na4 Bf8 18. a3 c5 19. dxc6 bxc6 20. Red1 Qc7 21. c5
Ndxc5 22. Nxc5 Nxc5 23. Bxc5 dxc5 24. a4 f6 25. Rd3 Qf7 26. Nd2 Red8 27. Rxd8
Rxd8 28. Nc4 Qc7 29. Qc3 Ra8 30. Rd1 Be7 31. Rd2 Kf8 32. g3 Rd8 33. Nxa5 Rxd2
34. Qxd2 c4 35. Nxc4 Bc5 36. Qa5 Bd4 37. Qxc7 1-0

[Event "International Championship of Central Se"]
[Site "Paracin, hotel "]
[Date "2016.07.08"]
[Round "2.28"]
[White "Nestorovic, Lazar"]
[Black "Gulden, Egemen"]
[Result "1-0"]
[WhiteElo "2340"]
[BlackElo "2122"]
[PlyCount "79"]
[EventDate "2016.07.07"]

1. e4 g6 2. d4 Bg7 3. Nc3 d6 4. Nge2 Nd7 5. Be3 e6 6. Qd2 a6 7. a4 b6 8. h4 h6
9. f3 Bb7 10. d5 e5 11. h5 Ndf6 12. g4 g5 13. Ng3 Ne7 14. Bc4 Qd7 15. O-O O-O
16. a5 b5 17. Bb3 Rfd8 18. Rfd1 Rac8 19. Na2 c6 20. dxc6 Qxc6 21. Bb6 d5 22.
Nb4 Qd6 23. Bxd8 Rxd8 24. Nxd5 Nfxd5 25. exd5 e4 26. Nxe4 Qe5 27. Qh2 Qxh2+ 28.
Kxh2 Bxb2 29. Rab1 Be5+ 30. Kg1 Kg7 31. c4 f5 32. Nc5 Bc8 33. cxb5 fxg4 34.
bxa6 gxf3 35. a7 Bf4 36. d6 Nc6 37. Kf2 Nxa7 38. Be6 Bxe6 39. Rb7+ Kh8 40. Nxe6
1-0